MARC details
| 000 -LEADER |
| fixed length control field |
01087nam a22002417a 4500 |
| 003 - CONTROL NUMBER IDENTIFIER |
| control field |
OSt |
| 005 - DATE AND TIME OF LATEST TRANSACTION |
| control field |
20250225162548.0 |
| 008 - FIXED-LENGTH DATA ELEMENTS--GENERAL INFORMATION |
| fixed length control field |
230926b ||||| |||| 00| 0 eng d |
| 040 ## - CATALOGING SOURCE |
| Transcribing agency |
0 |
| 082 ## - DEWEY DECIMAL CLASSIFICATION NUMBER |
| Classification number |
DPer 379.1 J826 Winter - Spring 2020 v. 45 n. 3-4 |
| 100 ## - MAIN ENTRY--PERSONAL NAME |
| Personal name |
Steinberg, Matthew P. |
| Relator term |
author. |
| 9 (RLIN) |
49326 |
| 245 ## - TITLE STATEMENT |
| Title |
Education finance reform and the great recession : |
| Remainder of title |
did state policy and fiscal federalism improve education spending, school resources, and student achievement in Pennsylvania ? / |
| Statement of responsibility, etc. |
Matthew P. Steinberg, Rand Quinn, and J. Cameron Anglum. |
| 260 ## - PUBLICATION, DISTRIBUTION, ETC. (IMPRINT) |
| Place of publication, distribution, etc. |
United States ; |
| Name of publisher, distributor, etc. |
University of Illinois Press and Johns Hopkins University Press, |
| Date of publication, distribution, etc. |
Spring 2020. |
| 300 ## - PHYSICAL DESCRIPTION |
| Extent |
volume 45, pages 426-457, |
| Other physical details |
illustration. |
| 500 ## - GENERAL NOTE |
| General note |
Journal of Education Finance, v. 45 n. 4, pages 426-457, Winter 2020. |
| 650 ## - SUBJECT ADDED ENTRY--TOPICAL TERM |
| Topical term or geographic name as entry element |
Education. |
| 9 (RLIN) |
49327 |
| 650 ## - SUBJECT ADDED ENTRY--TOPICAL TERM |
| Topical term or geographic name as entry element |
Finance. |
| 9 (RLIN) |
49328 |
| 650 ## - SUBJECT ADDED ENTRY--TOPICAL TERM |
| Topical term or geographic name as entry element |
Recessions. |
| 9 (RLIN) |
49329 |
| 700 ## - ADDED ENTRY--PERSONAL NAME |
| Personal name |
Steinberg, Matthew P. |
| Relator term |
author. |
| 9 (RLIN) |
49326 |
| 700 ## - ADDED ENTRY--PERSONAL NAME |
| Personal name |
Quinn, Rand. |
| Relator term |
author. |
| 9 (RLIN) |
49330 |
| 700 ## - ADDED ENTRY--PERSONAL NAME |
| Personal name |
Anglum, J. Cameron. |
| Relator term |
author. |
| 9 (RLIN) |
49331 |
| 942 ## - ADDED ENTRY ELEMENTS (KOHA) |
| Source of classification or shelving scheme |
Dewey Decimal Classification |
| Koha item type |
Periodicals |